Municipios de Quindío - Map Quiz - Estadísticas

Estadísticas generales
  • Esta prueba ha sido intentada 802 veces
  • La puntuación promedio es 10 de 12
Respuestas en el mapa
Las respuestas están codificadas por una escala verde-roja en el mapa de la prueba según el % correcto abajo.
 
Estadísticas de respuestas
Respuesta % Correcto
ARMENIA
100%
MONTENEGRO
92%
SALENTO
92%
FILANDIA
90%
QUIMBAYA
89%
CALARCA
88%
LA TEBAIDA
80%
PIJAO
76%
CIRCASIA
75%
GENOVA
74%
CORDOBA
64%
BUENAVISTA
63%
No se encontraron pruebas coincidentes
Distribución de puntuación
Porcentaje de gente con cada puntuación
Porcentaje por número respondido
Historial de tus puntuaciones
No has intentado esta prueba.